000 00964cab a2200229 4500
001 X92509
008 090401t1998 xxu||||| |||| 00| 0 eng d
035 _a(Sirsi) u87033
041 _aeng
245 _aPlanning permission
260 _c1998
350 _a0
490 _aEstates Gazette Case Summaries
_v[1998] EGCS 94 (20/6/98)
520 _a"Chichester DC v SoS Environment and another" QBD 5 June 1998. Council granting outline planning permission subject to bulky goods condition - Inspector allowing developer`s appeal and granting permission subject to non-food condition only - Whether inspector failing to take into account material considerations - Application to quash Inspector`s decision dismissed.
650 _aCHICHESTER DC V SOS ENVIRONMENT AND ANOTHER
650 _aDEVELOPMENT
650 _aPLANNING PERMISSION
650 _aRETAIL WAREHOUSE
690 _aPLANNING LAW AND PRACTICE-CASE LAW
942 _n0
948 _c25/06/1998
999 _c54831
_d54831